000 01273nam a2200361 u 4500
001 000043250
005 20200120222414.0
008 110121s1991 cau r 000 0 spa d
020 _a9501510891
020 _a9788426392824
041 0 _aspa
043 _as-ag---
082 0 4 _a782.12
_bP82m
_221
100 1 _aPuccini, Giacomo
245 1 0 _aMadama Butterfly :
_bLibreto (Italiano-Español) /
_cGiacomo Puccini ; introducción y comentarios de Kurt Pahlen; colaboración de Rosemarie König; traducción: María Antonieta Gregor; revisión musical: Walter Rosenberg.
250 _a1a. ed.
260 _aBuenos Aires :
_bJavier Vergara,
_c1991.
300 _a303 p. :
_bil.
490 0 _aLa opera en el mundo
500 _aIncluye índice
500 _aTitulo original: Madama Butterfly
500 _aEjemplar 1 de Biblioparque Marqués de San Jorge corresponde a programa JECI 2015
650 1 7 _aÓperas
_xArgumentos, tramas, etc.
650 2 7 _aÓperas
_zItalia
650 2 7 _aLibretos para óperas
650 2 7 _aMúsicos italianos
650 2 7 _aMúsica italiana
650 2 7 _aCompositores
700 1 _aPahlen, Kurt,
_eint.
700 1 _aKönig, Rosemarie,
_ecolab.
700 1 _aGregor, María Antonieta,
_etr.
700 1 _aRosenberg, Walter,
_erev.
999 _c2658
_d2658